Advanced mechanism (Record no. 14820)

000 -LEADER
fixed length control field 00517nam a22001931 4500
001 - CONTROL NUMBER
control field 14820
003 - CONTROL NUMBER IDENTIFIER
control field BD-DhUET
008 - FIXED-LENGTH DATA ELEMENTS--GENERAL INFORMATION
fixed length control field 750625s1966 xx 000 0 eng
040 ## - CATALOGING SOURCE
Original cataloging agency DLC
Transcribing agency DLC
Modifying agency BD-DhUET
082 ## - DEWEY DECIMAL CLASSIFICATION NUMBER
Classification number 621.81
Item number BEG/1966
100 ## - MAIN ENTRY--PERSONAL NAME
Personal name Beggs, Joseph Stiles
245 00 - TITLE STATEMENT
Title Advanced mechanism
260 ## - PUBLICATION, DISTRIBUTION, ETC. (IMPRINT)
Place of publication, distribution, etc. New York
Name of publisher, distributor, etc. Macmillan
Date of publication, distribution, etc. 1966
300 ## - PHYSICAL DESCRIPTION
Extent xiv 270 p.
Other physical details illus
Dimensions 24 cm.
490 0# - SERIES STATEMENT
Series statement Macmillan series in mechanical engineering
504 ## - BIBLIOGRAPHY, ETC. NOTE
Bibliography, etc Includes bibliographies
650 #0 - SUBJECT ADDED ENTRY--TOPICAL TERM
Topical term or geographic name as entry element Mechanism
942 ## - ADDED ENTRY ELEMENTS (KOHA)
Koha item type General Book
Holdings
Copy number Shelving location Price effective from Lost status Koha normalized classification for sorting Koha date last seen Sublocation or collection (holding branch) Not for loan Damaged status Koha full call number Piece designation (barcode) Date acquired Location (home branch) Koha item type Withdrawn status Source of classification or shelving scheme
1Circulation section2015-03-10 621_810000000000000_BEG_19662015-03-10Central Library, BUET  621.81/BEG/1966149502015-03-10Central Library, BUETGeneral Book  
2Circulation section2015-04-29 621_810000000000000_BEG_19662015-04-29Central Library, BUET  621.81/BEG/1966653852015-04-29Central Library, BUETGeneral Book